Largest Cities in the UK Map Quiz - Statistics

General Stats
  • This quiz has been taken 470 times
  • The average score is 15 of 24
Answers on the Map
Answers color-coded by a green-red scale on the quiz's map according to % correct below.
 
Answer Stats
Answer % Correct
London
95%
Belfast
90%
Newcastle
90%
Glasgow
89%
Liverpool
88%
Edinburgh
85%
Manchester
85%
Cardiff
84%
Bristol
82%
Birmingham
81%
Southampton
64%
Leeds
60%
Reading
59%
Nottingham
54%
Portsmouth
53%
Southend
52%
Middlesbrough
51%
Leicester
47%
Preston
46%
Sheffield
43%
Bournemouth
42%
Stoke
39%
Bradford
38%
Huddersfield
30%
No matching quizzes found
Score Distribution
Percent of People with Each Score
Percentile by Number Answered
Your Score History
You have not taken this quiz